Účtovanie na účtoch účtovnej triedy 5 - náklady
Charakteristika a klasifikácia nákladov. Účtovanie klasifikovaných nákupov a vyskladnenia tovaru pri jeho predaji. Účtovanie služieb. Účtovanie osobných nákladov. Účtovanie daní, poplatkov a iných prevádzkových nákladov. Účtovanie odpisov rezerv a opravných položiek prevádzkových nákladov. Účtovanie...
Salvato in:
| Natura: | Capitolo di libro |
|---|---|
| Lingua: | slovacco |
| Soggetti: | |
| Tags: |
Nessun Tag, puoi essere il primo ad aggiungerne!!
|
MARC
| LEADER | 00000naa a2200000 4500 | ||
|---|---|---|---|
| 001 | r027897 | ||
| 005 | 20230912110657.3 | ||
| 041 | 0 | |a slo | |
| 044 | |a SK | ||
| 245 | 1 | 0 | |a Účtovanie na účtoch účtovnej triedy 5 - náklady |
| 520 | |a Charakteristika a klasifikácia nákladov. Účtovanie klasifikovaných nákupov a vyskladnenia tovaru pri jeho predaji. Účtovanie služieb. Účtovanie osobných nákladov. Účtovanie daní, poplatkov a iných prevádzkových nákladov. Účtovanie odpisov rezerv a opravných položiek prevádzkových nákladov. Účtovanie finančných nákladov, mimoriadnych nákladov, daní z príjmov a prevodových účtov. | ||
| 610 | 2 | 0 | |a účtovníctvo |
| 610 | 2 | 0 | |a účtovníctvo podvojné |
| 610 | 2 | 0 | |a náklady |
| 610 | 2 | 0 | |a položky opravné |
| 610 | 2 | 0 | |a dane z príjmov |
| 610 | 2 | 0 | |a účtovanie |
| 610 | 2 | 0 | |a dane |
| 610 | 2 | 0 | |a poplatky |